Local structure from diffraction (Record no. 65584)
[ view plain ]
| 000 -LEADER | |
|---|---|
| fixed length control field | 01573nam a2200373 a 4500 |
| 082 04 - DEWEY DECIMAL CLASSIFICATION NUMBER | |
| Classification number | 620.1/1299 |
| 245 00 - TITLE STATEMENT | |
| Title | Local structure from diffraction |
| 260 ## - PUBLICATION, DISTRIBUTION, ETC. (IMPRINT) | |
| Place of publication | New York : |
| Name of publisher | Plenum Press, |
| Year of publication | c1998. |
| 300 ## - PHYSICAL DESCRIPTION | |
| Number of Pages | x, 399 p. : |
| Other physical details | ill. |
| 490 1# - SERIES STATEMENT | |
| Series statement | Fundamental materials research |
| 500 ## - GENERAL NOTE | |
| General note | "Proceedings of a Conference on Local Structure from Diffraction, held August 10-13, 1997, in Traverse City, Michigan"--T.p. verso. |
| 650 #0 - SUBJECT ADDED ENTRY--TOPICAL TERM | |
| Topical Term | Materials |
| Topical Term | Diffraction patterns. |
| Topical Term | Long range order (Solid state physics) |
| 700 1# - ADDED ENTRY--PERSONAL NAME | |
| Personal name | Billinge, S. J. L. |
| Personal name | Thorpe, M. F. |
| 856 40 - ELECTRONIC LOCATION AND ACCESS | |
| Uniform Resource Identifier | http://site.ebrary.com/lib/rucke/Doc?id=10052715 |
No items available.
